Finnish Compound Words #2 - Statistics

General Stats
  • This quiz has been taken 108 times
  • The average score is 12 of 20
Answer Stats
Finnish Literal Translation English % Correct
keskiviikko middle week Wednesday
94%
jälkiruoka after food dessert
90%
pölynimuri dust sucker vacuum
80%
autotalli car stable garage
76%
hajuvesi smell water perfume
70%
matkalaukku travel bag suitcase
67%
pesusieni wash mushroom sponge
64%
valokuva light picture photograph
59%
yöperhonen night butterfly moth
57%
jalkakäytävä foot corridor pavement/sidewalk
56%
tietokilpailu knowledge competition quiz
56%
huutokauppa shouting store auction
53%
sarjakuva series picture comic strip
53%
sarvikuono horn snout rhinoceros
52%
lämpötila warmth state temperature
48%
revontulet fox's fires Northern Lights
43%
poikamies boy man bachelor
41%
lukukausi reading period term/semester
34%
sukkahousut sock pants tights
34%
pilvenpiirtäjä cloud drawer skyscraper
33%
No matching quizzes found
Score Distribution
Percent of People with Each Score
Percentile by Number Answered
Your Score History
You have not taken this quiz